Participation and ICT : Students with Special Educational Needs in Upper Secondary School.

Bibliographic Details
Main Author: Yngve, Moa.
Format: eBook
Language:English
Published: Linköping : Linkopings Universitet, 2020.
Edition:1st ed.
Series:Linköping University Medical Dissertations Series
Subjects:
Online Access:Click to View
LEADER 01805nam a22003733i 4500
001 EBC6427624
003 MiAaPQ
005 20240729202203.0
006 m o d |
007 cr cnu||||||||
008 240729s2020 xx o ||||0 eng d
020 |a 9789179298012  |q (electronic bk.) 
035 |a (MiAaPQ)EBC6427624 
035 |a (Au-PeEL)EBL6427624 
035 |a (OCoLC)1228041047 
040 |a MiAaPQ  |b eng  |e rda  |e pn  |c MiAaPQ  |d MiAaPQ 
100 1 |a Yngve, Moa. 
245 1 0 |a Participation and ICT :  |b Students with Special Educational Needs in Upper Secondary School. 
250 |a 1st ed. 
264 1 |a Linköping :  |b Linkopings Universitet,  |c 2020. 
264 4 |c {copy}2020. 
300 |a 1 online resource (94 pages) 
336 |a text  |b txt  |2 rdacontent 
337 |a computer  |b c  |2 rdamedia 
338 |a online resource  |b cr  |2 rdacarrier 
490 1 |a Linköping University Medical Dissertations Series ;  |v v.1749 
505 0 |a Intro -- CONTENTS -- ABSTRACT -- SAMMANFATTNING PÅ SVENSKA -- LIST OF PAPERS -- ABBREVATIONS -- INTRODUCTION -- AIMS -- METHOD -- RESULTS -- DISCUSSION -- CONCLUSIONS -- IMPLICATIONS -- FUTURE RESEARCH -- ACKNOWLEDGEMENTS -- REFERENCES -- Papers. 
588 |a Description based on publisher supplied metadata and other sources. 
590 |a Electronic reproduction. Ann Arbor, Michigan : ProQuest Ebook Central, 2024. Available via World Wide Web. Access may be limited to ProQuest Ebook Central affiliated libraries.  
655 4 |a Electronic books. 
776 0 8 |i Print version:  |a Yngve, Moa  |t Participation and ICT  |d Linköping : Linkopings Universitet,c2020 
797 2 |a ProQuest (Firm) 
830 0 |a Linköping University Medical Dissertations Series 
856 4 0 |u https://ebookcentral.proquest.com/lib/matrademy/detail.action?docID=6427624  |z Click to View